LDR 00946naa#a2200181#i#450# 001 RU\\bibl\118210 005 20260703045844.5 011 ## _a2227-1171 100 ## _a20260630b2026####ek#y0rusy0150####ca 102 ## _aRU 200 1# _aМЕЖДУНАРОДНЫЕ СТАНДАРТЫ В ОБЛАСТИ БЕЗОПАСНОСТИ ДОРОЖНОГО ДВИЖЕНИЯ, ИХ ПРИМЕНИМОСТЬ В ПРАВОВОЙ СИСТЕМЕ РОССИЙСКОЙ ФЕДЕРАЦИИ _eЖурнальная статья 210 1# _aКазань _cКазанский юридический институт МВД России _d2026 215 ## _a6 с. 608 ## _aЖурнальная статья _2local 675 ## _aМеждународные договоры в узком смысле этого понятия. 341.241.11 _z 700 #1 _aАндреев _gМаксим Валентинович 700 #1 _aОрлова _gОльга Филипповна 856 4# _avestnikkui.ru _u